Flags containing animals - Statistiques

Statistiques générales
  • Ce quiz a été pris 3 fois
  • Le résultat moyen est 9 sur 28
Statistiques - réponses
Par images Réponse % Correct
Albania
100%
Andorra
100%
Flanders
100%
Kiribati
100%
Uganda
100%
Berlin
50%
California
50%
Christmas Island
50%
Delaware
50%
Holy Roman Empire
50%
Papua New Guinea
50%
Siam
50%
Aquitaine
0%
Baja California Sur
0%
Bangkok
0%
Béarn
0%
Buenos Aires
0%
Chiang Rai
0%
Ethiopian Empire (1897-1974)
0%
Iceland during Jørgen Jørgensen's Revolution (1809)
0%
Kaunas
0%
Kingdom of Laos
0%
Lima
0%
Magadan Oblast
0%
Outer Baldonia
0%
Potosí
0%
Yaroslavl Oblast
0%
Zheleznogorsk
0%
Aucun quiz correspondant
Distribution des résultats
% des personnes avec chaque résultat
Percentile par nombre de réponses
Votre historique - résultats
Vous n’avez pas pris ce quiz